00620nam a2200169 a 450000500170000000800410001701000200005802000180007805000290009610000210012524501400014626000470028630000210033352100070035465000470036165000420040820140310183218.0030719s19uu xx 00 eng d aCollege Library a9780941188456 aPN 1995.9.P7 b.P38 2002 aPatz, Deborah S. aFilm production management 101 :bthe ultimate guide for film and television production management and coordination /cDeborah S. Patz. aU.S.A :bMichael Wiese Productions,c2002. a460 p. :c25 cm. aMC aMotion pictures- -Production and direction aTelevision- -Production and direction